LIBRARY & INFORMATION CENTRE, KCAET, TAVANUR

ONLINE PUBLIC ACCESS CATALOGUE (OPAC)

Soil And Groundwater Pollution From Agricultural Activities (Record no. 14417)

MARC details
000 -LEADER
fixed length control field 00325nam a22001217a 4500
020 ## - INTERNATIONAL STANDARD BOOK NUMBER
ISBN 8185589461
082 ## - DEWEY DECIMAL CLASSIFICATION NUMBER
Classification number 551.49
Item number RAM/SO
100 ## - MAIN ENTRY--AUTHOR NAME
Personal name Ramachandra,T.V
245 ## - TITLE STATEMENT
Title Soil And Groundwater Pollution From Agricultural Activities
260 ## - PUBLICATION, DISTRIBUTION, ETC. (IMPRINT)
Place of publication New Delhi
Name of publisher Capital Publishing Company
Year of publication 2006
300 ## - PHYSICAL DESCRIPTION
Number of Pages 347
942 ## - ADDED ENTRY ELEMENTS (KOHA)
Koha item type Books
Holdings
Withdrawn status Lost status Damaged status Collection code Home library Current library Shelving location Date acquired Source of acquisition Cost, normal purchase price Full call number Accession Number Koha item type
        KAUAET KAUAET General Stacks 29/06/2016 Calicut Books, Calicut 795.00 551.49 RAM/SO 23752 Books
free website counter